000 00299 a2200109 4500
001 ART_40830
005 20260410161942.0
008 260409a
245 1 0 _aTeletrabajo
100 1 _aFranzone, María Elena
773 0 _tTemas de derecho laboral
_g- Nº 12 (dic. 2016)
_wREV27619
999 _c29615
_d29615